Spot the Difference Quiz Stats

 Plays Quiz Updated Mar 19, 2020

Support Sporcle.
Go Orange.
Score 0/5 Timer 02:00
52 Plays Today
% Correct
Dials on Big Ben
97.2%
Airplane
96.6%
Number on the bus
96.3%
Top of the lamppost
87.2%
Shirt color
86.3%

From the Vault

Vowel-less Fast Food Chains

by WalshyMusic

We're feeling pretty hngry.
Remove Ads.
Support Sporcle.
Get the best of Sporcle when you Go Orange. This ad-free experience offers more features, more stats, and more fun while also helping to support Sporcle. Thank you for becoming a member.

Show Comments

Extras

Top Quizzes Today


Score Distribution

Your Account Isn't Verified!

In order to create a playlist on Sporcle, you need to verify the email address you used during registration. Go to your Sporcle Settings to finish the process.

Report this User

Report this user for behavior that violates our Community Guidelines.

Details: